Movies Quiz

Random Movies or Clip Quiz

Movie By Trailer Quiz Stats

 Plays Quiz Updated Nov 15, 2018

Also try: Movies By Lego
Challenge
Share
Tweet
Score 0/21 Timer 08:00
0 Plays Today
Time Interval Movie % Correct
01:05-01:17The Breakfast Club
78%
03:54-04:06Pirates of the Caribbean
70.8%
03:28-03:40Dirty Dancing
67.7%
00:13-00:25Independence Day
66.9%
02:49-03:01Scream
59.9%
01:57-02:09Twilight
57.3%
00:26-00:38There's Something About Mary
55%
01:44-01:56The Silence of the Lambs
53.3%
01:31-01:43Minority Report
49.3%
03:02-03:14A Beautiful Mind
46.8%
00:00-00:12Scarface
46.5%
Time Interval Movie % Correct
00:52-01:04Platoon
45.6%
03:15-03:27Rain Man
45.5%
02:10-02:22Batman Begins
45.2%
01:18-01:30The Matrix
44.6%
00:39-00:51The Rock
43.2%
04:20-04:36(500) Days of Summer
39.9%
02:23-02:35Die Hard
38.8%
04:07-04:20Jurassic Park
35%
02:36-02:48Memento
29.6%
03:41-03:53Natural Born Killers
28.2%

You're not logged in!

Compare scores with friends on all Sporcle quizzes.
OR
Log In

You Might Also Like...

Show Comments

Extras

Top Quizzes Today


Score Distribution

Your Account Isn't Verified!

In order to create a playlist on Sporcle, you need to verify the email address you used during registration. Go to your Sporcle Settings to finish the process.

Report this User

Report this user for behavior that violates our Community Guidelines.

Details: